Mazabuka district state of environment outlook report (Record no. 50779)

MARC details
000 -LEADER
fixed length control field 00484nam a2200121 a 4500
008 - FIXED-LENGTH DATA ELEMENTS--GENERAL INFORMATION
fixed length control field 150729s2011 ||||||||||||||||| || u
020 ## - INTERNATIONAL STANDARD BOOK NUMBER
International Standard Book Number 978-9982-861-12-0
050 ## - LIBRARY OF CONGRESS CALL NUMBER
Classification number GOV.ZAM(058)MMC/2011
245 00 - TITLE STATEMENT
Title Mazabuka district state of environment outlook report
Statement of responsibility, etc. by Mazabuka Municipal Council [MMC]
260 ## - PUBLICATION, DISTRIBUTION, ETC.
Place of publication, distribution, etc. Lusaka:
Date of publication, distribution, etc. 2011
300 ## - PHYSICAL DESCRIPTION
Extent 94p.ill.
995 ## - RECOMMENDATION 995 [LOCAL, UNIMARC FRANCE]
-- CBU-MAIN LIBRARY (Kitwe)
-- AVAILABLE
-- Jan 29, 2019
-- Zambiana Collection
Holdings
Withdrawn status Lost status Source of classification or shelving scheme Damaged status Not for loan Home library Current library Shelving location Date acquired Total Checkouts Full call number Barcode Date last seen Price effective from Koha item type
          CBU-MAIN LIBRARY, KITWE. CBU-MAIN LIBRARY, KITWE.   11/30/2022   GOV.ZAM(058)MMC/2011 B3818 11/30/2022 11/30/2022 MONOGRAPH